| 000 | 01316cam a2200229 4500 | ||
|---|---|---|---|
| 001 | WB4005-20 | ||
| 008 | 040204n2003 000 0 eng u | ||
| 035 | _a(Sirsi) u125041 | ||
| 245 | _aPort development | ||
| 260 | _c2003 | ||
| 490 |
_aAssociated British Ports News Release _v4 February 2004(1) |
||
| 520 | _aThe Government's response to the House of Commons' Transport Select Committee report on ports was published last week. The government consider it unacceptable to hold up port expansion until a national ports plan has been formulated. Associated British Ports, who believe that British ports will reach capacity in 2006 welcomed the response. Portswatch, a campaigning network of various environmental pressure groups is against the planned development of new sites for ports, especially within the south east of England. Portswatch's website can be viewed at http://www.foe.co.uk/campaigns/transport/portswatc h. The Government's response can be viewed at: http://www.dft.gov.uk/stellent/groups/dft_shipping /documents/page/dft_shipping_027008.pdf. | ||
| 590 | _aWB | ||
| 590 | _aWB | ||
| 650 | _aPORTS | ||
| 650 | _aPORTSWATCH | ||
| 650 | _aASSOCIATED BRITISH PORTS | ||
| 650 | _aPORT EXPANSION | ||
| 650 | _aCONTAINER SHIPPING | ||
| 690 | _aTRANSPORT AND COMMUNICATIONS | ||
| 942 | _n0 | ||
| 999 |
_c117003 _d117003 |
||